Sports Quiz

Random Sports or Baseball Quiz

All Time Yankees without a World Series Ring Team. Quiz Stats

 Plays Quiz not verified by Sporcle

Score 0/12 Timer 10:00
0 Plays Today
Position Player % Correct
1st BasemanDon Mattingly (1982-95)
93.2%
Center FielderBobby Murcer (1965-66, 69-74, 79-83)
48.2%
Relief PitcherDave Righetti (1979, 81-90)
41.6%
Starting PitcherMel Stottlemyre (1964-74)
39.2%
Designated HitterJason Giambi (2002-08)
33.8%
2nd BasemanHorace Clarke (1965-74)
28%
ManagerYogi Berra (1964, 84-85)
20.9%
CatcherButch Wynegar (1982-86)
14.1%
Right FielderWillie Keeler (1903-09, did win 2 Temple Cups)
10%
ShortstopKid Elberfeld (1903-09)
3.2%
Left FielderBirdie Cree (1908-15)
1.9%
3rd BasemanWid Conroy (1903-08)
1.2%

You're not logged in!

Compare scores with friends on all Sporcle quizzes.
Join for Free
OR
Log In

You Might Also Like...

Show Comments

Extras

Top Quizzes Today


Score Distribution

Your Account Isn't Verified!

In order to create a playlist on Sporcle, you need to verify the email address you used during registration. Go to your Sporcle Settings to finish the process.

Report this User

Report this user for behavior that violates our Community Guidelines.

Details: